Switzerland Squad Euro 2024 - Statistics

General Stats
  • This quiz has been taken 100 times
    82 since last reset
  • The average score is 17 of 26
Answer Stats
Club Position Answer % Correct
Inter Milan GK Yann Sommer
100%
Bayer Leverkusen MF Granit Xhaka
99%
Man City DF Manuel Akanji
99%
Borussia Dortmund GK Gregor Kobel
95%
Monaco FW Breel Embolo
93%
Newcastle DF Fabian Schar
93%
Torino DF Ricardo Rodriguez
90%
Chicago Fire MF Xherdan Shaqiri
88%
Bologna FW Dan Ndoye
78%
Bologna MF Remo Freuler
75%
Monaco MF Denis Zakaria
71%
Augsburg FW Ruben Vargas
71%
AC Milan FW Noah Okafor
70%
Borussia Monchengladbach DF Nico Elvedi
63%
Bologna MF Michel Aebischer
60%
Burnley FW Zeki Amdouni
56%
Mainz DF Silvan Widmer
55%
AEK Athens FW Steven Zuber
47%
Lorient GK Yvon Mvogo
47%
Rennes MF Fabian Rieder
42%
Ludogorets FW Kwadwo Duah
41%
Stuttgart DF Leonidas Stergiou
29%
Lugano FW Renato Steffen
29%
Toulouse MF Vincent Sierro
26%
Luzern MF Ardon Jashari
22%
Wolfsburg DF Cedric Zesiger
22%
No matching quizzes found
Score Distribution
Percent of People with Each Score
Percentile by Number Answered
Your Score History
You have not taken this quiz since the last reset